Obálka Náhled e-knihy:
Epub
Pro půjčování e-knih musíte být přihlášeni.
Jak si půjčit online?

Povídky malostranské /

Soubor povídek Povídky malostranské je vrcholné prozaické dílo Jana Nerudy a jedno z nejvýznamnějších literárních děl české literatury. Náměty k povídkám čerpal autor ze vzpomínek na léta svého dětství a dospívání strávená na Malé Straně. Čtenáři se v nich mohou vžít do věrného obrazu každodenního ž...

Celý popis

Uloženo v:
Hlavní autor: Neruda, Jan (Autor)
Médium: E-kniha
Jazyk:Czech
Vydáno: Praha : Franz Gilles von Jilek, 2021
Tagy:
Žádné tagy
LEADER 02124nam a22002297i 4500
001 311358
007 ta
008 260601s2021 xr ||||| |||| 00| 0 cze d
020 |a 9990003270474 
044 |a xr 
100 1 |a  Neruda, Jan  |4 aut 
245 1 0 |a Povídky malostranské /  |c  Neruda, Jan 
264 1 |a Praha :  |b Franz Gilles von Jilek,  |c 2021 
300 |a 1 online zdroj (223 stran) 
336 |a text  |b txt  |2 rdacontent 
337 |a bez média  |b n  |2 rdamedia 
338 |a online zdroj  |b cr  |2 rdacarrier 
520 2 |a Soubor povídek Povídky malostranské je vrcholné prozaické dílo Jana Nerudy a jedno z nejvýznamnějších literárních děl české literatury. Náměty k povídkám čerpal autor ze vzpomínek na léta svého dětství a dospívání strávená na Malé Straně. Čtenáři se v nich mohou vžít do věrného obrazu každodenního života měšťanů i prostých obyvatel města v polovině 19. století. Jeho postavy jsou vždy pečlivě a podrobně charakterizovány. Velký význam zaujímá i přesný místopis Malé Strany, kde se děje povídek odehrávají. Sbírka je tvořena následujícími povídkami (rok uvedený v závorce je rokem prvního časopiseckého publikování příslušné povídky): Obsah 1 Týden v tichém domě (1867) 2 Pan Ryšánek a pan Schlegl (1875) 3 Přivedla žebráka na mizinu (1875) 4 O měkkém srdci paní Rusky (1875) 5 Večerní šplechty (1875) 6 Doktor Kazisvět (1876) 7 Hastrman (1876) 8 Jak si pan Vorel nakouřil pěnovku (1876) 9 U Tří lilií (1876) 10 Svatováclavská mše (1876) 11 Jak to přišlo, že dne 20. srpna roku 1849, o půl jedné s poledne, Rakousko nebylo rozbořeno (1877) 12 Psáno o letošních Dušičkách (1876) 13 Figurky (1877). 
910 |a RBIT002 
998 |d 327047  |a https://core.palmknihy.cz/api/books/327047/cover?quh9br  |b https://core.palmknihy.cz/api/books/327047/cover/400?quh9br  |c https://core.palmknihy.cz/api/books/327047/cover/50?quh9br  |e 2099-12-31  |g 223  |i 9990003270474  |j https://core.palmknihy.cz/api/books/327047/preview.epub  |l   |q 49  |r 1  |s https://www.palmknihy.cz/kniha/327047  |t ebook  |y 2021  |z 1 
999 |d 311356